Riconosci il Pokémon - Quiz n°378 - Statistics

Statistiche generali
  • Questo quiz è stato fatto 0 volte
  • Il punteggio medio è 0 su 10
Statistiche sulle risposte
Indizio Risposta % Corretto
Altezza 2,0 m; 1,8 m(Galar9
0%
Sesso 50% ♂, 50% ♀
0%
Tasso di cattura 70 (16.6%)
0%
Peso 79,5 kg
0%
Tipo Acqua / Psico; Veleno / Psico (Galar)
0%
Abilità Indifferenza; Mente Locale (Normale; Galar); Rigernergia (Normale; Galar); Stranofarmaco (Galar)
0%
Tasso di allevamento Medio-Veloce
0%
Stadio evoluzione Prima evoluzione
0%
Generazione Seconda
0%
Pokémon Slowking
0%
Nessun quiz corrispondente trovato
Distribuzione punteggi
Percentuale di utenti per punteggio
Percentile per numero di risposta
I tuoi punteggi nel tempo
Non hai fatto questo quiz